000
00294nam a22001097a 4500
003
NUST
005
20230327123450.0
082
_a
891.4391,ZAI
245
_a
Kulliyat-e-Mustafa Zaidi /
_c
Syed Nusrat Zaidi
260
_a
Lahore, Pakistan
_b
Al-Hamd Publications
_c
2017
942
_2
ddc
_c
BK
_k
891.4391,ZAI
999
_c
594339
_d
594339